| 000 -LEADER | |
|---|---|
| fixed length control field | 00558cam a2200193 a 4500 |
| 020 ## - INTERNATIONAL STANDARD BOOK NUMBER | |
| ISBN | 0321060997 (student ed.) |
| ISBN | 0321061004 (annotated instructor's ed.) |
| 050 00 - LIBRARY OF CONGRESS CALL NUMBER | |
| Classification number | PE1408 |
| 100 1# - MAIN ENTRY--AUTHOR NAME | |
| Personal name | Leake, Joanna. |
| 245 14 - TITLE STATEMENT | |
| Title | The visual guide to college composition with readings / |
| 260 ## - PUBLICATION, DISTRIBUTION, ETC. (IMPRINT) | |
| Place of publication | New York : |
| Name of publisher | Longman, |
| Year of publication | c2002. |
| 300 ## - PHYSICAL DESCRIPTION | |
| Number of Pages | xxvii, 467 p. : |
| Other physical details | ill. (some col.) ; |
| 650 #0 - SUBJECT ADDED ENTRY--TOPICAL TERM | |
| Topical Term | English language |
| Topical Term | Visual communication. |
| Topical Term | College readers. |
| Topical Term | Report writing. |
| 700 1# - ADDED ENTRY--PERSONAL NAME | |
| Personal name | Knudsen, James. |
| 942 ## - ADDED ENTRY ELEMENTS (KOHA) | |
| Koha item type | Books |
| Koha item type | Collection code | Shelving location | Accession Number | Permanent Location | Current Location | Date acquired | Full call number |
|---|---|---|---|---|---|---|---|
| Books | Lending | Lending | 0329 | Chapman Library | Chapman Library | 2016-01-26 | PE1408lea |

